[Event "Open SSM A Agosto"]
[Site "Milano ITA"]
[Date "2013.08.05"]
[Round "7"]
[White "Bonazzi, Edoardo"]
[Black "Miracola, Massimiliano"]
[WhiteElo "2082"]
[BlackElo "2128"]
[Result "0-1"]
[PlyCount "74"]
[EventDate "2013.07.31"]

1. c4 e5 2. g3 g6 3. Bg2 Bg7 4. Nc3 d6 5. d3 Nc6 6. e4 Nh6 7. Nge2 O-O 8. h3 f5
9. Nd5 Nd4 10. O-O c6 11. Ndc3 f4 12. gxf4 Qh4 13. Nxd4 exd4 14. Ne2 Bxh3 15.
Bxh3 Qxh3 16. f3 Rae8 17. Kf2 Qh4+ 18. Kg2 Nf7 19. Rh1 Qf6 20. Qe1 Ne5 21. Qd1
g5 22. Nxd4 gxf4 23. Ne2 Ng6 24. Rb1 d5 25. cxd5 cxd5 26. Qb3 Qf7 27. Bd2 Kh8
28. Bc3 dxe4 29. dxe4 Rd8 30. Qxf7 Rxf7 31. Rbd1 Rfd7 32. Bxg7+ Kxg7 33. Rxd7+
Rxd7 34. Kh3 Rd2 35. Re1 Rxb2 36. Kg4 Ne5+ 37. Kf5 Nxf3 0-1

[Event "Open SSM A Agosto"]
[Site "Milano ITA"]
[Date "2013.08.05"]
[Round "7"]
[White "Cazzaniga, Walter"]
[Black "Delledonne, Francesco"]
[WhiteElo "2156"]
[BlackElo "1916"]
[Result "1-0"]
[PlyCount "119"]
[EventDate "2013.07.31"]

1. c4 Nf6 2. Nc3 g6 3. g3 e5 4. Bg2 d6 5. Nf3 Bg7 6. O-O O-O 7. d3 c6 8. Rb1 a5
9. a3 h6 10. b4 axb4 11. axb4 Be6 12. Qc2 Nbd7 13. b5 d5 14. Nd2 Re8 15. h3 Kh7
16. Bb2 Qc7 17. Rfc1 Rec8 18. Qd1 Qd8 19. e3 Qe7 20. Qe2 Re8 21. bxc6 bxc6 22.
e4 d4 23. Nd5 Qd6 24. c5 Nxc5 25. Nc4 Qd8 26. Nxf6+ Bxf6 27. Nxe5 Nb3 28. Nxc6
Nxc1 29. Rxc1 Qb6 30. e5 Ra2 31. Bxd4 Qxd4 32. Qxa2 Bxa2 33. Nxd4 Rxe5 34. Nc6
Rb5 35. d4 Bd5 36. Bxd5 Rxd5 37. Rc5 Rxc5 38. dxc5 Kg7 39. Kg2 Kf8 40. Kf3 Ke8
41. Ke4 Kd7 42. Kd5 Bc3 43. g4 f6 44. f4 h5 45. gxh5 gxh5 46. f5 Be1 47. Nd4
Bg3 48. Ne6 Be5 49. Nf8+ Kc7 50. Ng6 Bc3 51. Nf4 h4 52. Ng2 Bd2 53. Nxh4 Bg5
54. Nf3 Be3 55. Ke6 Bxc5 56. Kxf6 Kd7 57. Kf7 Be3 58. Ne5+ Kd8 59. h4 Bf4 60.
Ng4 1-0

[Event "Open SSM A Agosto"]
[Site "Milano ITA"]
[Date "2013.08.05"]
[Round "7"]
[White "Falchi, Claudio"]
[Black "Bracci, Andrea"]
[WhiteElo "1953"]
[BlackElo "1905"]
[Result "1-0"]
[PlyCount "41"]
[EventDate "2013.07.31"]

1. e4 c6 2. d3 d5 3. Nd2 e5 4. Ngf3 Nd7 5. d4 Bd6 6. exd5 cxd5 7. dxe5 Nxe5 8.
Nxe5 Bxe5 9. Nf3 Bf6 10. Bb5+ Kf8 11. O-O Be6 12. c3 g6 13. Nd4 a6 14. Ba4 b5
15. Bb3 Ne7 16. Re1 Qd7 17. Nxe6+ fxe6 18. Qf3 Kg7 19. Bh6+ Kxh6 20. Qxf6 Rhe8
21. Re3 1-0

[Event "Open SSM A Agosto"]
[Site "Milano ITA"]
[Date "2013.08.05"]
[Round "7"]
[White "Malescusi, Luciano"]
[Black "Calandra, Mauro"]
[WhiteElo "1909"]
[BlackElo "1711"]
[Result "0-1"]
[PlyCount "94"]
[EventDate "2013.07.31"]

1. d4 d5 2. c4 e6 3. Nc3 a6 4. cxd5 exd5 5. Bf4 c6 6. e3 Bd6 7. Bxd6 Qxd6 8.
Bd3 Ne7 9. Qc2 Bg4 10. Nge2 Bh5 11. f3 Bg6 12. e4 Nd7 13. O-O O-O 14. e5 Bxd3
15. Qxd3 Qg6 16. Rad1 Rfe8 17. f4 Qxd3 18. Rxd3 Nc8 19. f5 Ncb6 20. Nf4 Nxe5
21. dxe5 Rxe5 22. g4 Rd8 23. b3 d4 24. Kf2 c5 25. Kf3 Rde8 26. Nce2 Nd5 27.
Nxd5 Rxd5 28. Nf4 Rde5 29. Rf2 Kf8 30. Re2 Rxe2 31. Nxe2 Ke7 32. Ng3 Kd6 33.
Ne4+ Kc6 34. b4 b6 35. bxc5 bxc5 36. Ra3 Kb6 37. Nd6 Re1 38. Kf2 Rc1 39. Nxf7
c4 40. Nd6 c3 41. Ke2 Rc2+ 42. Kd1 Rxh2 43. Rb3+ Kc6 44. Ne4 Rxa2 45. g5 Kd5
46. f6 gxf6 47. Nxf6+ Kc4 0-1

[Event "Open SSM A Agosto"]
[Site "Milano ITA"]
[Date "2013.08.05"]
[Round "7"]
[White "Vezzosi, Paolo"]
[Black "Pelizzola, Danilo"]
[WhiteElo "2281"]
[BlackElo "2082"]
[Result "1-0"]
[PlyCount "110"]
[EventDate "2013.07.31"]

1. c4 Nf6 2. Nf3 e6 3. g3 c5 4. Bg2 Nc6 5. O-O Be7 6. d4 cxd4 7. Nxd4 O-O 8.
Nc3 a6 9. b3 Qc7 10. Bb2 b6 11. Rc1 Bc5 12. Na4 Bb7 13. Nxc5 bxc5 14. Nc2 Rab8
15. f4 d6 16. Bxf6 gxf6 17. f5 Ne5 18. Bxb7 Rxb7 19. Qd2 Kh8 20. Rf4 Qe7 21.
Rd1 d5 22. fxe6 fxe6 23. cxd5 exd5 24. Ne3 d4 25. Nf5 Qe6 26. Rdf1 Rg8 27. Qc2
Qb6 28. Kg2 Rd7 29. Qe4 Qd8 30. Nh4 Re7 31. Rxf6 Ng4 32. Re6 Rxe6 33. Qxe6 Ne3+
34. Kg1 Re8 35. Qf6+ Qxf6 36. Rxf6 Ng4 37. Rf4 Nxh2 38. Kxh2 Rxe2+ 39. Kh3 Rxa2
40. Rf8+ Kg7 41. Rc8 Rb2 42. Rxc5 Rxb3 43. Nf5+ Kf7 44. Nxd4 Rb4 45. Rc7+ Kg6
46. Ne6 Kf5 47. Nf4 Rb1 48. Rc5+ Ke4 49. Ra5 Rb6 50. Nd5 Rh6+ 51. Kg2 Rd6 52.
Nc7 Rc6 53. Nxa6 Kd4 54. Nb8 Rd6 55. Ra7 h6 1-0